Fondy EU: glosář základních pojmů /

Korporativní autor: Česko. Ministerstvo pro místní rozvoj. Odbor Rámce podpory Společenství
Jazyk: Čeština
Vydáno: Praha : Ministerstvo pro místní rozvoj ČR, Odbor vnějších vztahů, 2005
Témata:
Fyzický popis: 79 s. ; 21 cm
Knihy
Uloženo v:
LEADER 02211nam a2200517 a 4500
001 nkc20051582423
003 CZ PrNK
005 20101108145428.0
007 ta
008 050916s2005 xr e e 000 0 cze
015 |a cnb001582423 
020 |a 80-239-6121-7  |q (v knize neuvedeno ;  |q brož.) 
035 |a (OCoLC)85162608 
040 |a ABA001  |b cze  |d BOA001  |d OLA001  |d ABA001 
043 |a e------ 
072 7 |a 332  |x Regionální ekonomie, regionální ekonomika  |2 Konspekt  |9 4 
080 |a 332.146.2  |2 MRF 
080 |a 005.591:336  |2 MRF 
080 |a 339.926  |2 MRF 
080 |a (4)  |2 MRF 
080 |a (038.072)  |2 MRF 
080 |a (038)81  |2 MRF 
245 0 0 |a Fondy EU: glosář základních pojmů /  |c [zpracoval Odbor Rámce podpory Společenství MMR ČR] 
260 |a Praha :  |b Ministerstvo pro místní rozvoj ČR, Odbor vnějších vztahů,  |c 2005 
300 |a 79 s. ;  |c 21 cm 
504 |a Obsahuje bibliografii 
610 2 7 |a Evropská unie  |7 kn20010711086  |2 czenas 
650 0 7 |a podpora regionálního rozvoje  |7 ph134660  |z země Evropské unie  |2 czenas 
650 0 7 |a financování programů a projektů  |7 ph166419  |z země Evropské unie  |2 czenas 
650 0 7 |a strukturální fondy  |7 ph126155  |z země Evropské unie  |2 czenas 
650 0 7 |a oborová terminologie  |7 ph138998  |2 czenas 
650 0 9 |a government aid to regional development  |z European Union countries  |2 eczenas 
650 0 9 |a project financing  |z European Union countries  |2 eczenas 
650 0 9 |a structural funds  |z European Union countries  |2 eczenas 
650 0 9 |a terminology (professional)  |2 eczenas 
655 7 |a výkladové slovníky  |7 fd133855  |2 czenas 
655 7 |a terminologické slovníky  |7 fd202538  |2 czenas 
655 9 |a explanatory dictionaries  |2 eczenas 
655 9 |a terminological dictionaries  |2 eczenas 
710 1 |a Česko.  |b Ministerstvo pro místní rozvoj.  |b Odbor Rámce podpory Společenství  |7 kn20050517024 
910 2 |a BOA001  |b 2-1156.851 
990 |a BK 
995 |a 01 
991 |b 200510  |c NOV 
996 6 |b 2610259843  |c 2-1156.851  |l MZK  |r Sklad / do 1 hodiny  |n 12  |p p.v.  |w 000789896  |u 000010  |a 1  |e BOA001  |j MZK50  |s P 
996 7 |b 2610259844  |c 2-1156.851  |l MZK  |r Sklad / do 1 hodiny  |n 34  |p p.v.  |w 000789896  |u 000020  |a 1  |e BOA001  |j MZK50  |s A